000 00315nam a2200133Ia 4500
008 230818s2003 xx 000 0 und d
041 _aeng
100 _aBlitizer
245 _aFind the Bathroom First
260 _bViva books Mumbai
_c2003
300 _a97p
520 _aGeneral
999 _c851843
_d851843
650 _aHotel Housekeeping